LEADER 01252nam a2200265 i 4500 001 000000039075 003 CaOOAMICUS 005 20040617000000.0 008 040617s1982 xxk u000 u eng u 013 $a9774 020 $a0297781944 040 $aSeMil$bita 100 1 $aMurillo, Bartolomé Esteban,$d<1617-1682>.$0(OLS)http://semarc/name/18870 245 10$aBartolomé Esteban Murillo :$b1617-1682. 260 $aLondon :$bRoyal Academy of Arts,$ccopyr. 1982. 300 $a239 p. :$briccamente ill. ;$c28 cm. 500 $aContiene : Bibliography. - A piè del front. : Museo Del Prado, Madrid 1982 ; Royal Academy of Arts, London 1983 ; Catalogue published in association with Weidenfeld and Nicolson, London. 650 4$aMurillo, Bartolomé Esteban.$0(OLS)http://semarc/subject/8027 650 4$aPittura - Cataloghi.$0(OLS)http://semarc/subject/6979 850 $aSeMil 852 $aSeMil$W1$xVenegono$y1$m5I XI 55$j5230$B5230$CSeMilBibl$Z2$F5230 $81 961 $aOmaggio: Ciprandi dott. Paolo 996 $6020$a0297781944$9(OLS)http://semarc/number/8623 996 $6245$aBartolomé Esteban Murillo :$b1617-1682$9(OLS)http://semarc/title/55455 996 $6260$aLondon :$bRoyal Academy of Arts$9(OLS)http://semarc/publisher/40026 LEADER 01889nam a2200313 i 4500 001 000000247259 003 CaOOAMICUS 005 20260205144616.0 008 151228s1749 xx u000 u lat u 013 $a226164 026 $an-e- b.b. e-a. Almi (3) 1758 (R) 040 $aSeMil$bita 245 10$aMissale monasticum Pauli 5. pontificis max. auctoritate recognitum, pro omnibus sub Regula ss. patris Benedicti militantibus; in quo missae sanctorum ad normam novi kalendarii auctoritate Apostolica approbati ordinatè propriis locis disponuntur. 260 $aVenetiis :$bEx Typographia Balleoniana,$c1749. 300 $axxxix, [1], 492, xcvii, [1] p. :$bill. calcogr. ;$cfol. 500 $aVignetta calcogr. su front. in cornice a doppio filetto. - Front. e testo stampati in rosso e nero. - Testo su due colonne. - Iniz. xilogr. - Musica in notazione quadrata nera su tetragramma rosso. - Segn. : +-2+8 3+4 A-2G8 2H6 a-e8 f10(-f10). 650 4$aLibri liturgici - Messale romano.$0(OLS)http://semarc/subject/3820 700 0 $aPaulus V,$c.$0(OLS)http://semarc/name/3917 700 1 $aBaglioni,$c.$0(OLS)http://semarc/name/475 710 2 $aChiesa Cattolica.$0(OLS)http://semarc/name/987 850 $aSeMil 852 $aSeMil$W1$xVenegono$y1$m3K VI 107 FA$j197605$B197605$CSeMilBibl$Z2$F208704 $8I 900 0 $aPaolo V$c. 910 2 $aSanta Sede. 996 $6245$aMissale monasticum Pauli 5. pontificis max. auctoritate recognitum, pro omnibus sub Regula ss. patris Benedicti militantibus; in quo missae sanctorum ad normam novi kalendarii auctoritate Apostolica approbati ordinatè propriis locis disponuntur$9(OLS)http://semarc/title/349138 996 $6260$aVenetiis :$bEx Typographia Balleoniana$9(OLS)http://semarc/publisher/29933